000 00474nam a2200169 a 4500
001 000010188
005 20240228130357.0
008 091005s2001 dr 000 0 spa d
020 _a9993484512
040 _aDO-SdBNP
_bspa
_cBNPHU
082 _axxx
_bG633a
100 1 _aGómez Rosa, Alexis,
_d1950-
_923501
245 1 0 _aAdagio cornuto :
_bpoema en rosa /
_cAlexis Gómez-Rosa.
260 _a[Santo Domingo] :
_bBango,
_c2001.
300 _a95 p. : ;
_c14 cm.
049 _aBNPD
999 _c9947
_d9947